[Event "Paris-ch op-B 87th"]
[Site "Paris"]
[Date "2012.07.15"]
[Round "9"]
[White "Mircescu, Ovidiu"]
[Black "Daubas, Christophe"]
[Result "1/2-1/2"]
[WhiteElo "2106"]
[BlackElo "2023"]
[PlyCount "20"]
[EventDate "2012.07.07"]
[EventType "swiss"]
[EventRounds "9"]
[EventCountry "FRA"]
[SourceTitle "EXT 2013"]
[Source "ChessBase"]
[SourceDate "2012.11.22"]
[SourceVersion "1"]
[SourceVersionDate "2012.11.22"]
[SourceQuality "1"]

1. e4 e5 2. Nf3 Nc6 3. Bb5 a6 4. Ba4 Nf6 5. 0-0 b5 6. Bb3 Bb7 7. c3 Nxe4 8. Re1 Nc5 9. Nxe5 Nxe5 10. Rxe5+ Ne6 1/2-1/2

[Event "Paris-ch op-B 87th"]
[Site "Paris"]
[Date "2012.07.09"]
[Round "3"]
[White "Gautier, Serge"]
[Black "Daubas, Christophe"]
[Result "1/2-1/2"]
[WhiteElo "2134"]
[BlackElo "2023"]
[PlyCount "54"]
[EventDate "2012.07.07"]
[EventType "swiss"]
[EventRounds "9"]
[EventCountry "FRA"]
[SourceTitle "EXT 2013"]
[Source "ChessBase"]
[SourceDate "2012.11.22"]
[SourceVersion "1"]
[SourceVersionDate "2012.11.22"]
[SourceQuality "1"]

1. e4 e5 2. Nf3 Nc6 3. d4 exd4 4. Nxd4 Bc5 5. Nb3 Bb6 6. Nc3 Nf6 7. Qe2 0-0 8. Be3 Bxe3 9. Qxe3 d5 10. 0-0-0 Ng4 11. Qf4 d4 12. h3 Nxf2 13. Qxf2 Qg5+ 14. Qd2 Qxd2+ 15. Kxd2 dxc3+ 16. Kxc3 Be6 17. Nc5 Nd8 18. Be2 b6 19. Nxe6 Nxe6 20. Rd7 Rad8 21. Rhd1 Rxd7 22. Rxd7 Rd8 23. Rxd8+ Nxd8 24. Kd4 Kf8 25. Bg4 Ke7 26. a3 f6 27. c4 Kd6 1/2-1/2

[Event "Paris-ch op-B 87th"]
[Site "Paris"]
[Date "2012.07.08"]
[Round "2"]
[White "Daubas, Christophe"]
[Black "Anes, Emmanuel"]
[Result "1/2-1/2"]
[WhiteElo "2023"]
[BlackElo "2125"]
[PlyCount "63"]
[EventDate "2012.07.07"]
[EventType "swiss"]
[EventRounds "9"]
[EventCountry "FRA"]
[SourceTitle "EXT 2013"]
[Source "ChessBase"]
[SourceDate "2012.11.22"]
[SourceVersion "1"]
[SourceVersionDate "2012.11.22"]
[SourceQuality "1"]

1. d4 Nf6 2. c4 g6 3. Nc3 Bg7 4. e4 d6 5. h3 0-0 6. Nf3 e5 7. d5 a5 8. Be2 Na6 9. Bg5 Qe8 10. g4 Nc5 11. Nd2 h6 12. Be3 Nh7 13. Rg1 Ng5 14. Bf1 Bd7 15. Qc2 c6 16. 0-0-0 Rc8 17. h4 Nh7 18. Nb3 Nxb3+ 19. axb3 c5 20. Be2 Qe7 21. Qd2 g5 22. hxg5 Nxg5 23. Rh1 Ra8 24. Bxg5 Qxg5 25. Qxg5 hxg5 26. Kc2 Bf6 27. Rh6 Kg7 28. Rdh1 Rh8 29. Rxh8 Rxh8 30. Rxh8 Kxh8 31. Bd1 Kg7 32. Kb1 1/2-1/2

[Event "FRA-chT2 Nord 0708"]
[Site "France"]
[Date "2008.04.06"]
[Round "11.2"]
[White "Fossier, Francois"]
[Black "Daubas, Christophe"]
[Result "1-0"]
[WhiteElo "2248"]
[BlackElo "2033"]
[PlyCount "41"]
[EventDate "2007.10.21"]
[EventType "team"]
[EventRounds "11"]
[EventCountry "FRA"]
[SourceTitle "EXT 2009"]
[Source "ChessBase"]
[SourceDate "2008.11.26"]
[SourceVersion "1"]
[SourceVersionDate "2008.11.26"]
[SourceQuality "1"]
[WhiteTeam "Henin Beaumont"]
[BlackTeam "Arcueil"]
[WhiteTeamCountry "FRA"]
[BlackTeamCountry "FRA"]

1. d4 Nf6 2. Nf3 g6 3. Nc3 d5 4. Bf4 Bg7 5. e3 0-0 6. Be2 Bg4 7. Ne5 Bxe2 8. Qxe2 a6 9. h4 c5 10. g4 Nfd7 11. 0-0-0 e6 12. h5 Nc6 13. hxg6 fxg6 14. Bh6 Ndxe5 15. Bxg7 Kxg7 16. dxe5 h6 17. f4 Qe7 18. Rh3 Rh8 19. Qh2 Rh7 20. f5 exf5 21. Nxd5 1-0

[Event "FRA-chT2 Nord 0708"]
[Site "France"]
[Date "2008.03.15"]
[Round "8.2"]
[White "Daubas, Christophe"]
[Black "Jacquet, Francois"]
[Result "1/2-1/2"]
[WhiteElo "2032"]
[BlackElo "2220"]
[PlyCount "51"]
[EventDate "2007.10.21"]
[EventType "team"]
[EventRounds "11"]
[EventCountry "FRA"]
[SourceTitle "EXT 2009"]
[Source "ChessBase"]
[SourceDate "2008.11.26"]
[SourceVersion "1"]
[SourceVersionDate "2008.11.26"]
[SourceQuality "1"]
[WhiteTeam "Arcueil"]
[BlackTeam "Franconville"]
[WhiteTeamCountry "FRA"]
[BlackTeamCountry "FRA"]

1. d4 d5 2. c4 c6 3. Nf3 Nf6 4. Nc3 e6 5. g3 Nbd7 6. Bg2 Bd6 7. 0-0 0-0 8. e4 dxe4 9. Ng5 Be7 10. Ngxe4 Nxe4 11. Nxe4 e5 12. d5 cxd5 13. cxd5 f5 14. d6 fxe4 15. dxe7 Qxe7 16. Qb3+ Kh8 17. Bxe4 Nc5 18. Qb4 Bh3 19. Be3 Rac8 20. Rfe1 b6 21. Rac1 Qf6 22. Bxc5 Rxc5 23. Qd2 Rd8 24. Qe3 Rxc1 25. Rxc1 g6 26. Bg2 1/2-1/2

[Event "FRA-chT2 North 0607"]
[Site "France"]
[Date "2007.03.18"]
[Round "9.4"]
[White "Lourmande, Christophe"]
[Black "Daubas, Christophe"]
[Result "1-0"]
[WhiteElo "2121"]
[BlackElo "2041"]
[PlyCount "95"]
[EventDate "2006.10.15"]
[EventType "team"]
[EventRounds "11"]
[EventCountry "FRA"]
[SourceTitle "EXT 2008"]
[Source "ChessBase"]
[SourceDate "2007.11.25"]
[SourceVersion "1"]
[SourceVersionDate "2007.11.25"]
[SourceQuality "1"]
[WhiteTeam "Bois Colombes II"]
[BlackTeam "Arcueil"]
[WhiteTeamCountry "FRA"]
[BlackTeamCountry "FRA"]

1. e4 c5 2. Nf3 Nc6 3. Bb5 e6 4. 0-0 Nge7 5. Re1 a6 6. Bf1 d6 7. b3 h6 8. Bb2 e5 9. c3 Ng6 10. d4 cxd4 11. cxd4 Be7 12. dxe5 dxe5 13. Qxd8+ Bxd8 14. Na3 Bc7 15. Nc4 0-0 16. Ne3 Be6 17. Bc4 Rfd8 18. Bxe6 fxe6 19. Red1 Rac8 20. g3 Bb6 21. Nc4 Bd4 22. Bxd4 exd4 23. Nb6 Rc7 24. Rac1 Rf7 25. Ne1 Nge5 26. Na4 d3 27. Rd2 Nd4 28. Kg2 Ndf3 29. Nxf3 Nxf3 30. Rdd1 d2 31. Rc3 Rdf8 32. Rxf3 Rxf3 33. Rxd2 R3f7 34. Nc5 Re7 35. Rd6 e5 36. b4 Ref7 37. Rd2 Rc8 38. h4 a5 39. a3 axb4 40. axb4 b6 41. Nd7 Rxd7 42. Rxd7 Rc4 43. f3 Rxb4 44. h5 Rb5 45. Kh3 Rc5 46. Kg4 Kf8 47. Kf5 Rc3 48. Ke6 1-0

[Event "Paris Apsap op 70th"]
[Site "Paris"]
[Date "2004.02.25"]
[Round "5"]
[White "Daubas, Christophe"]
[Black "Chanoine, Guillaume"]
[Result "0-1"]
[WhiteElo "1996"]
[BlackElo "2216"]
[PlyCount "104"]
[EventDate "2004.02.25"]
[EventType "swiss"]
[EventRounds "7"]
[EventCountry "FRA"]
[SourceTitle "EXT 2005"]
[Source "ChessBase"]
[SourceDate "2004.11.15"]
[SourceVersion "1"]
[SourceVersionDate "2004.11.15"]
[SourceQuality "1"]

1. d4 d5 2. Nf3 Nf6 3. c4 dxc4 4. Nc3 Nc6 5. e3 Bg4 6. Bxc4 e6 7. 0-0 Bd6 8. Be2 0-0 9. a3 a6 10. b4 Qe7 11. e4 e5 12. d5 Nb8 13. Be3 Nbd7 14. Nd2 Bxe2 15. Qxe2 Rfc8 16. f3 Nh5 17. g3 Rf8 18. f4 exf4 19. gxf4 Qh4 20. Qf2 Qxf2+ 21. Rxf2 Rfe8 22. Rc1 Rac8 23. e5 Bf8 24. Nce4 b6 25. Nc4 b5 26. Ncd2 f5 27. Nc5 Ndf6 28. exf6 Rxe3 29. Ne6 Bd6 30. Nxg7 Nxg7 31. fxg7 Rxa3 32. Nf1 Kxg7 33. Rg2+ Kf7 34. Ng3 Bxf4 35. Rf1 Be3+ 36. Kh1 f4 37. Nh5 Ke7 38. Nxf4 Rf8 39. Rg3 Kd6 40. Rgf3 Rxf4 41. Rxf4 Bxf4 42. Rxf4 Kxd5 43. Rf7 c6 44. Rxh7 a5 45. bxa5 b4 46. h4 c5 47. h5 Rxa5 48. h6 Kd4 49. Rh8 Ra6 50. h7 Rh6+ 51. Kg2 Kc4 52. Kf3 Kb3 0-1